000 00978cab a2200265 4500
001 WB2922-18
008 090401t1993 xxu||||| |||| 00| 0 eng d
035 _a(Sirsi) u48222
041 _aeng
245 _aFinancing property in the 1990s
260 _c1993
350 _a0
490 _aEstates Gazette
_v(9322) 5 June 1993, 41-42(1)
520 _aThe Bank of England is throwing its weight behind efforts to develop markets in securitised properties and property loans according to Pen Kent its associate director at the launch of the Association of Property Bankers. Includes extract from his speech.
650 _aASSOCIATION OF PROPERTY BANKERS
650 _aBANK LENDING
650 _aPROPERTY LENDING
650 _aPROPERTY LOANS
650 _aSECONDARY MARKET
650 _aSECURITISATION
690 _aPROPERTY-COMMERCIAL PROPERTY-COMMERCIAL PROPERTY FINANCE AND INVESTMENT
690 _aFINANCE AND INVESTMENT
942 _n0
948 _c04/03/1997
999 _c30296
_d30296